000 00577nam a22002057a 4500
003 0
005 20260116154836.0
008 260116b xxu||||| |||| 00| 0 eng d
020 _a0-439-06367-1
050 _aER
_bNo782 1973
082 _aER
_bNo782 1973
100 _aWells, Rosemary
245 _aNoisy Nora
_cRosemary Wells
260 _aNew York, NY :
_bScholastic Inc.,
_c1973.
300 _a32 unnumbered pages :
_bcolored illustrations ;
_c27 cm.
650 _aMice
_vJuvenile fiction.
650 _aStories in rhyme.
650 _aJuvenile works.
942 _2ddc
_cBK
999 _c368734
_d368734